Statistiken für Städte und Gemeinden im Lankreis Vorpommern-Greifswald

Klicken Sie hier um das Quiz zu spielen!

Allgemein

  • Dieses Quiz wurde 25 mal gespielt
  • Das Durchschnittsergebnis liegt bei 21 aus 138

Antworten auf der Karte

Die Antworten werden auf der Karte rot bzw. grün angezeigt, abhängig davon wie oft sie richtig erraten wurden.
 

Antwortstatistiken

Stadt oder Gemeinde% Korrekt
Greifswald
94%
Anklam
82%
Usedom
76%
Wolgast
76%
Heringsdorf
71%
Pasewalk
65%
Ueckermünde
59%
Ahlbeck
53%
Peenemünde
53%
Zinnowitz
41%
Züssow
41%
Ducherow
35%
Gützkow
35%
Loitz
35%
Lubmin
35%
Torgelow
35%
Altwarp
29%
Eggesin
29%
Karlshagen
29%
Koserow
29%
Mesekenhagen
29%
Neuenkirchen (bei Anklam)
29%
Neuenkirchen (bei Greifswald)
29%
Strasburg (Uckermark)
29%
Wackerow
29%
Ferdinandshof
24%
Groß Kiesow
24%
Jarmen
24%
Kamminke
24%
Kemnitz bei Greifswald
24%
Löcknitz
24%
Loissin
24%
Pudagla
24%
Trassenheide
24%
Weitenhagen
24%
Zempin
24%
Butzow
18%
Garz
18%
Hinrichshagen
18%
Hintersee
18%
Jatznick
18%
Karlsburg
18%
Klein Bünzow
18%
Leopoldshagen
18%
Loddin
18%
Mellenthin
18%
Penkun
18%
Stolpe an der Peene
18%
Stolpe auf Usedom
18%
Ückeritz
18%
Wusterhusen
18%
Zirchow
18%
Bargischow
12%
Benz
12%
Brünzow
12%
Buggenhagen
12%
Dargen
12%
Dersekow
12%
Hanshagen
12%
Korswandt
12%
Krackow
12%
Lassan
12%
Levenhagen
12%
Mönkebude
12%
Neu Boltenhagen
12%
Rossow
12%
Rubenow
12%
Sassen-Trantow
12%
Spantekow
12%
Wrangelsburg
12%
Bandelin
6%
Behrenhoff
6%
Bentzin
6%
Blankensee
6%
Boldekow
6%
Boock
6%
Dargelin
6%
Görmin
6%
Grambow
6%
Gribow
6%
Groß Polzin
6%
Hammer an der Uecker
6%
Iven
6%
Katzow
6%
Krien
6%
Kröslin
6%
Krummin
6%
Krusenfelde
6%
Luckow
6%
Lütow
6%
Medow
6%
Mölschow
6%
Murchin
6%
Nadrensee
6%
Neetzow-Liepen
6%
Neu Kosenow
6%
Plöwen
6%
Rankwitz
6%
Rollwitz
6%
Rossin
6%
Rothemühl
6%
Rubkow
6%
Sauzin
6%
Schönwalde
6%
Tutow
6%
Viereck
6%
Vogelsang-Warsin
6%
Zemitz
6%
Zerrenthin
6%
Ziethen
6%
Alt Tellin
0%
Altwigshagen
0%
Bergholz
0%
Blesewitz
0%
Boblentz
0%
Brietzig
0%
Bugewitz
0%
Daberkow
0%
Fahrenwalde
0%
Glasow
0%
Grambin
0%
Groß Luckow
0%
Heinrichswalde
0%
Kruckow
0%
Krugsdorf
0%
Liepgarten
0%
Lübs
0%
Meiersberg
0%
Nieden
0%
Papendorf
0%
Polzow
0%
Postlow
0%
Ramin
0%
Rothenklempnow
0%
Sarnow
0%
Schmatzin
0%
Völschow
0%
Wilhelmsburg
0%

Verteilung der Resultate

Perzentil nach korrekt beantworteten Fragen

Anzahl Personen mit jedem Resultat

Ihre Resultats-Entwicklung

Sie haben dieses Quiz noch nicht gespielt